| 000 | 00404nam a2200157Ia 4500 | ||
|---|---|---|---|
| 005 | 20250514021703.0 | ||
| 008 | 240331s9999 xx 000 0 und d | ||
| 020 | _a9555993394 | ||
| 082 |
_bKUM _a200 |
||
| 100 | _aKusuma,Bikkunie | ||
| 245 | 0 | _aBhikkunivinaya | |
| 260 |
_aRatmalana _bSarovdya wishwaleka Publication _c2003 |
||
| 300 | _axxxii, 390 p ., | ||
| 500 | _aA Book of Bikunivinaya | ||
| 942 | _cL | ||
| 999 |
_c4770 _d4770 |
||